| 000 | 01245nam a2200337Ic 4500 | ||
|---|---|---|---|
| 001 | 59780 | ||
| 003 | CO-BoRNBP | ||
| 005 | 20251105160146.0 | ||
| 007 | ta | ||
| 008 | 210825r20162018mx a er 000 0dspa d | ||
| 020 | _a9786071618467 | ||
| 040 |
_aCO-BoRNBP _bspa _erda _cCO-BoRNBP |
||
| 041 | 0 | _aspa | |
| 082 | 0 | 4 |
_a539.72 _bH27h _222 |
| 100 |
_aHerrera Corral, Gerardo _d1963- _eaut _966613 |
||
| 245 | 1 | 3 |
_aEl Higgs, el universo líquido y el Gran Colisionador de Hadrones / _cGerardo Herrera Corral. |
| 250 |
_aPrimera edición _bSegunda reimpresión, Tercera reimpresión |
||
| 264 | 1 |
_aMéxico : _bFondo de Cultura Económica, _c2018 |
|
| 300 |
_a231 páginas : _bilustraciones, diagramas, mapas en color |
||
| 336 |
_atexto _btxt _2rdacontent |
||
| 337 |
_asin mediación _bn _2rdamedia |
||
| 338 |
_avolumen _bnc _2rdacarrier |
||
| 490 | 0 |
_aLa ciencia para todos _v236 |
|
| 504 | _aIncluye referencias bibliográficas y glosario | ||
| 521 | _aRecomendado para un público adulto | ||
| 545 | _aIncluye datos biográficos del autor en la contracarátula | ||
| 650 | 0 | 7 |
_aBosón de Higgs _vTeorías _2LEMB _966614 |
| 650 | 0 | 7 |
_aCosmología _vTeorías _2lemb _966615 |
| 650 | 0 | 7 |
_aFísica cuántica _vTeorías _2lemb _966616 |
| 942 |
_2ddc _cBK |
||
| 999 |
_c59780 _d59780 |
||